Dhrubaswamini (Record no. 9353)

MARC details
000 -LEADER
fixed length control field 00435cam a2200181ua 4500
008 - FIXED-LENGTH DATA ELEMENTS--GENERAL INFORMATION
fixed length control field 180623n ii |||gr||||Z||||||hin
040 ## - CATALOGING SOURCE
Transcribing agency MAIN
041 ## - LANGUAGE CODE
-- hin
082 ## - DEWEY DECIMAL CLASSIFICATION NUMBER
Classification number 891.432
100 ## - MAIN ENTRY--PERSONAL NAME
Personal name Prasad, Jayshankar,
Relator term
245 ## - TITLE STATEMENT
Title Dhrubaswamini
Statement of responsibility, etc. By Jayshankar Prasad
250 ## - EDITION STATEMENT
Edition statement 2nd rep.
260 ## - PUBLICATION, DISTRIBUTION, ETC.
Place of publication, distribution, etc. Dibrugarh:
Name of publisher, distributor, etc. Mahaveer publications,
Date of publication, distribution, etc. 2015.
300 ## - PHYSICAL DESCRIPTION
Extent 64p.
942 ## - ADDED ENTRY ELEMENTS (KOHA)
Koha item type Books
653 ## - INDEX TERM--UNCONTROLLED
Uncontrolled term Hindi drama
Holdings
Withdrawn status Lost status Damaged status Not for loan Home library Current library Shelving location Date acquired Total Checkouts Full call number Barcode Date last seen Date last checked out Copy number Price effective from Koha item type
        Central Library, Naharkatiya College Central Library, Naharkatiya College General Stacks 19/09/2020 1 891.432Hindi drama | PRA 24008 23/04/2021 03/04/2021 1 19/09/2020 Books

Naharkatiya College © 2020. All rights reserved.

Powered By